| 000 | 00702nam a22001935i 4500 | ||
|---|---|---|---|
| 001 | 163604 | ||
| 003 | ES-MaACL | ||
| 005 | 20230906212756.0 | ||
| 008 | 990611s1880 ve |||| | spa d | ||
| 040 |
_aCCPB | B _bspa _cCCPB | B |
||
| 100 | 1 |
_aRivodó, Baldomero. _9131875 |
|
| 245 | 1 | 0 |
_aProntuario de la acentuación castellana / _cpor B. Rivodó. |
| 250 | _a2ª ed. corr. y aum. | ||
| 260 |
_aCaracas : _b[s.n.], _c1880 ( _fImprenta de Antero Hermanos) |
||
| 300 |
_a78 p. ; _c17 cm. |
||
| 650 | 4 |
_aLengua española- _xAcento. _914116 |
|
| 752 |
_aVenezuela - _dCaracas |
||
| 852 |
_aES-MaACL _jT-345-F-8 _z-- Enc. hol. _z-- Dedic. ms. del autor al Ateneo de Madrid _z-- Enc. en un vol. facticio |
||
| 999 |
_c163604 _d163604 |
||